000
00261nam a22001097a 4500
082
_a
620.11 THO'P
100
_a
THORNTON, R. R
_9
78542
245
_a
THE PHYSICS OF ELECTROLUMINESCENT DEVICES
260
_a
LONDON
_b
E & F. N
_c
1967
300
_a
382P
942
_c
BK
999
_c
583652
_d
583652